Ilia Topuria's UFC career - Statistics

General Stats
  • This quiz has been taken 116 times
  • The average score is 5 of 7
Answer Stats
Hint Answer % Correct
7. February 17, 2024 win by KO at minute 3:32 of the second round. Alexander Volkanovski
98%
6. June 24, 2023 win by unanimous decision. Josh Emmett
94%
5. December 10, 2022 win by submission (arm-triangle choke) at minute 3:10 of the second round. Bryce Mitchell
87%
4. March 19, 2022 win by KO at minute 1:07 of the second round. Jai Herbert
69%
1. October 10, 2020 win by unanimous decision. Youssef Zalal
55%
3. July 11, 2021 win by KO at minute 4:47 of the first round. Ryan Hall
45%
2. December 5, 2020 win by KO at minute 2:36 of the first round. Damon Jackson
36%
No matching quizzes found
Score Distribution
Percent of People with Each Score
Percentile by Number Answered
Your Score History
You have not taken this quiz